Tally-ERP 9 : (Record no. 37478)

MARC details
000 -LEADER
fixed length control field 00553nam a22001817a 4500
005 - DATE AND TIME OF LATEST TRANSACTION
control field 20230724162104.0
010 ## - LCCN (DPL NO)
LC control number ENG-96666 ENG-137559
020 ## - INTERNATIONAL STANDARD BOOK NUMBER
International Standard Book Number 9788183333399
Terms of availability 120.00
035 ## - SYSTEM CONTROL NUMBER
System control number EN-80199 EN-121091
037 ## - SOURCE OF ACQUISITION
Source of stock number/acquisition DBAD/PUB
082 ## - DEWEY DECIMAL CLASSIFICATION NUMBER
Classification number 657.0285
100 ## - MAIN ENTRY--PERSONAL NAME
Personal name Nadhani, Asok K.
245 ## - TITLE STATEMENT
Title Tally-ERP 9 :
Remainder of title training guide /
Statement of responsibility, etc by Asok K. Nadhani
260 ## - PUBLICATION, DISTRIBUTION, ETC. (IMPRINT)
Place of publication, distribution, etc New Delhi
Name of publisher, distributor, etc BPB Publications
Date of publication, distribution, etc 2010
270 ## - ADDRESS
Address B-14 Connaught Place
City New Delhi
Postal code 110001
300 ## - PHYSICAL DESCRIPTION
Extent xv, 244 p.
Dimensions 24cm (Pbk)
942 ## - ADDED ENTRY ELEMENTS (KOHA)
Source of classification or shelving scheme Dewey Decimal Classification
Item type English Books
Classification part 657.0285
Call number suffix NAD
Holdings
Withdrawn status Lost status Not for loan Collection code Home library Current library Date acquired Cost, normal purchase price Full call number Barcode Copy number Cost, replacement price Koha item type Source of acquisition
    Not For Loan Non-fiction D.B.Act.Division D.B.Act.Division 24/07/2010 99.00 657.0285 NAN EN-80199 1 99.00 English Books  
      Non-fiction Shahdara Branch Shahdara Branch 24/07/2023 120.00 657.0285 NAD EN-121091 1 120.00 English Books DBAD/PUB

© Delhi Public Library
Hit Counter
free hit counter